| 000 | 00415nam a22001577a 4500 | ||
|---|---|---|---|
| 005 | 20260226114217.0 | ||
| 008 | 260226b |||||||| |||| 00| 0 eng d | ||
| 020 | _a978-93-5035-396-7 | ||
| 100 | _aKAGZI, M.C.JAIN | ||
| 245 | _aTHE INDIAN ADMINISTRATIVE LAW | ||
| 250 | _a7TH ED | ||
| 260 |
_aHARYANA, INDIA _bLEXISNEXIS _c2014 |
||
| 300 | _aLXXIV, 564P. | ||
| 500 | _aINCLUDES SUBJECT INDEX | ||
| 942 |
_2lcc _cBK |
||
| 999 |
_c216701 _d216701 |
||